Evaluación de la integración económica en Centroamérica. (Registro nro. 61117)

Detalles MARC
000 -LEADER
campo de control de longitud fija 00440nam a2200145 i 4500
001 - NÚMERO DE CONTROL
campo de control 61117
003 - IDENTIFICADOR DE NÚMERO DE CONTROL
campo de control ES-MaACL
007 - CAMPO FIJO DE DESCRIPCIÓN FÍSICA--INFORMACIÓN GENERAL
campo de control de longitud fija t|
008 - DATOS DE LONGITUD FIJA--INFORMACIÓN GENERAL
campo de control de longitud fija 031110s1966 sp ||||1| spa d
245 00 - MENCIÓN DEL TÍTULO
Título Evaluación de la integración económica en Centroamérica.
260 ## - PUBLICACIÓN, DISTRIBUCIÓN, ETC.
Lugar de publicación, distribución, etc. [S.l.] :
Nombre del editor, distribuidor, etc. Naciones Unidas, Consejo Económico y Social,
Fecha de publicación, distribución, etc. 1966.
300 ## - DESCRIPCIÓN FÍSICA
Extensión IX, 144 p. ;
Dimensiones 28 cm.
500 ## - NOTA GENERAL
Nota general Ejemplar multicopista.
852 ## - LOCALIZACIÓN
Ubicación ES-MaACL
Número de control de estantería E-8238
Sublocalización o colección R.92813
Existencias
Estatus retirado Estado de pérdida Estado de daño No para préstamo Biblioteca de origen Biblioteca actual Ubicación en estantería Fecha de adquisición Fuente de adquisición Total de préstamos Signatura topográfica completa Código de barras Visto por última vez Precio de reemplazo Tipo de ítem Koha
        Biblioteca del Ateneo de Madrid Biblioteca del Ateneo de Madrid Depósito 2 17/01/2008     E-8238 1064090 23/02/2023 23/02/2023 Libro impreso